• 首页
  • 本馆介绍
  • 公告通知
  • 最新文献
  • 馆藏检索
  • 电子资源
  • 读者导购
  • 参考咨询
  • 我的图书馆
  • 登录
  • 详细信息显示
  • 放入我的书架
  • 预约/预借图书
  • 作者相关作品
  • 分类相关作品
  • 丛书相关作品
  • 出版社相关作品

书目信息

  • 表格格式
  • 工作单格式
  • 卡片格式
题名:
人力资本与上海近代化
    
 
作者: 曾凡 著
分册:  
出版信息: 上海   上海人民出版社  2012
页数: 262页
开本: 23cm
丛书名:
单 册:
中图分类: F249.21 , F249.295
科图分类:
主题词: 人力资本--研究--上海--1843-1949 , 劳动经济--经济史--上海--1843-1949 , 人力资本 , 劳动经济
电子资源:
ISBN: 978-7-208-10933-9
000 01203nam0 2200289 450
001 524
005 20140908164740.87
010    @a978-7-208-10933-9@dCNY38.00
100    @a20121203d2012 em y0chiy50 ea
101 0  @achi
102    @aCN@b310000
105    @aa z 000yy
106    @ar
200 1  @a人力资本与上海近代化@ARen Li Zi Ben Yu Shang Hai Jin Dai Hua@e1843-1949@dHuman capital and the modernization of shanghai@e1843-1949@f曾凡著@FZeng Fan Zhu@zeng
210    @a上海@c上海人民出版社@d2012
215    @a262页@c图表@d23cm
330    @a本书在系统搜集上海近代人力资本相关资料的基础上,采用定性和定量分析相结合的方法,对上海近代人力资本优势及其形成,人力资本水平与工资收入、社会阶层和职业流动的相关性,人力资本与上海近代发展速度等进行了分析和研究,揭示了人力资本与上海近代化的紧密联系及其因果关系。
510 1  @aHuman capital and the modernization of shanghai@e1843-1949@zeng
606 0  @a人力资本@x研究@y上海@z1843-1949
606 0  @a劳动经济@x经济史@y上海@z1843-1949
606 0  @a人力资本
606 0  @a劳动经济
690    @aF249.21@v5
690    @aF249.295@v5
701  0 @a曾凡@AZeng Fan@g(经济学)@4著
801  0 @aCN@bTANGWEI@c20140603
905    @b0838816-18@dF249.21@e116@f3
    
    人力资本与上海近代化:1843-1949=Human capital and the modernization of shanghai:1843-1949/曾凡著.-上海:上海人民出版社,2012
    262页:图表;23cm
    
    
    ISBN 978-7-208-10933-9:CNY38.00
    本书在系统搜集上海近代人力资本相关资料的基础上,采用定性和定量分析相结合的方法,对上海近代人力资本优势及其形成,人力资本水平与工资收入、社会阶层和职业流动的相关性,人力资本与上海近代发展速度等进行了分析和研究,揭示了人力资本与上海近代化的紧密联系及其因果关系。
●
相关链接 在E读中查询图书 在五车中查询图书 在当当中查询图书 在豆瓣中查询图书


正题名:人力资本与上海近代化     索取号:F249.21/116         预约/预借

序号 登录号 条形码 馆藏地/架位号 状态 备注
1 0838816   208388163   第一样本阅览室/ [索取号:F249.21/116] 在馆    
2 0838817   208388172   第一借阅区/ [索取号:F249.21/116] 在馆    
3 0838818   208388181   密集书库-海洋学院/ [索取号:F249.21/116] 在馆    
唐山师范学院图书馆 欢迎您!
大连网信软件有限公司© 版权所有